| 000 | 00510nam a22001817a 4500 | ||
|---|---|---|---|
| 003 | KOHA_MİRAKIL | ||
| 005 | 20251221112938.0 | ||
| 008 | 251221b tu ||||| |||| 00| 0 tur d | ||
| 020 | _a9786057277046 | ||
| 040 |
_aTR-AnABB _btur _cTR-AnABB |
||
| 041 | _atur | ||
| 082 |
_a363.25 _bADL 2023 |
||
| 245 | 1 | 0 | _aAdli bilimler ve kriminalistik güncel yaklaşımlar / |
| 260 |
_aAnkara : _bPolis Akademisi Yayınları, _c2023 |
||
| 300 |
_a171 sayfa ; _c24 cm |
||
| 650 | 0 | 4 | _aKriminoloji |
| 942 |
_2ddc _cBK |
||
| 999 |
_c9803 _d9803 |
||
| 900 | _bGizem YORULMAZ | ||